Normal view
MARC view
- Afghanistan
Entry Geographic Name
001 - CONTROL NUMBER
- control field: 14417
003 - CONTROL NUMBER IDENTIFIER
- control field: NUST
005 - DATE AND TIME OF LATEST TRANSACTION
- control field: 20190517064154.0
008 - FIXED-LENGTH DATA ELEMENTS
- fixed length control field: 190517|| aca||aabn | a|a d
040 ## - CATALOGING SOURCE
- Original cataloging agency: NUST
- Transcribing agency: NUST
151 ## - HEADING--GEOGRAPHIC NAME
- Geographic name: Afghanistan
- General subdivision: Foreign relations
- Geographic subdivision: United States.
670 ## - SOURCE DATA FOUND
- Source citation: Work cat.: (NUST)0: Cooley, John K., 1927-2008. 14414, Unholy wars :, 1999.
